<?xml version="1.0" encoding="UTF-8"?>
<record
    xmlns:xsi="http://www.w3.org/2001/XMLSchema-instance"
    xsi:schemaLocation="http://www.loc.gov/MARC21/slim http://www.loc.gov/standards/marcxml/schema/MARC21slim.xsd"
    xmlns="http://www.loc.gov/MARC21/slim">

  <leader>00312nam a22001217a 4500</leader>
  <controlfield tag="008">180515b        xxu||||| |||| 00| 0 eng d</controlfield>
  <datafield tag="041" ind1=" " ind2=" ">
    <subfield code="a">eng</subfield>
  </datafield>
  <datafield tag="080" ind1=" " ind2=" ">
    <subfield code="a">043.3</subfield>
  </datafield>
  <datafield tag="100" ind1=" " ind2=" ">
    <subfield code="a">0</subfield>
  </datafield>
  <datafield tag="101" ind1=" " ind2=" ">
    <subfield code="a">SHP-BTH</subfield>
  </datafield>
  <datafield tag="245" ind1=" " ind2=" ">
    <subfield code="a">Konferenca Nd&#xEB;rkomb&#xEB;tare p&#xEB;r Kosov&#xEB;n (Konferenca e Rambujes&#xEB;)</subfield>
    <subfield code="c">Baraliu,A.Z</subfield>
  </datafield>
  <datafield tag="942" ind1=" " ind2=" ">
    <subfield code="2">udc</subfield>
    <subfield code="c">BK</subfield>
  </datafield>
  <datafield tag="999" ind1=" " ind2=" ">
    <subfield code="c">45806</subfield>
    <subfield code="d">45806</subfield>
  </datafield>
  <datafield tag="952" ind1=" " ind2=" ">
    <subfield code="0">0</subfield>
    <subfield code="1">0</subfield>
    <subfield code="2">udc</subfield>
    <subfield code="4">0</subfield>
    <subfield code="7">0</subfield>
    <subfield code="8">P&#xCB;KG</subfield>
    <subfield code="a">002</subfield>
    <subfield code="b">002</subfield>
    <subfield code="c">Disertacionet</subfield>
    <subfield code="d">2018-05-15</subfield>
    <subfield code="l">0</subfield>
    <subfield code="o">043.3 Baraliu,A.Z 2015 </subfield>
    <subfield code="p">002-3003895</subfield>
    <subfield code="r">2018-05-15</subfield>
    <subfield code="w">2018-05-15</subfield>
    <subfield code="y">BK</subfield>
  </datafield>
  <datafield tag="952" ind1=" " ind2=" ">
    <subfield code="0">0</subfield>
    <subfield code="1">0</subfield>
    <subfield code="2">udc</subfield>
    <subfield code="4">0</subfield>
    <subfield code="7">0</subfield>
    <subfield code="8">P&#xCB;KG</subfield>
    <subfield code="a">002</subfield>
    <subfield code="b">002</subfield>
    <subfield code="c">Disertacionet</subfield>
    <subfield code="d">2018-05-15</subfield>
    <subfield code="l">0</subfield>
    <subfield code="o">043.3 Baraliu,A.Z 2015 </subfield>
    <subfield code="p">002-3003896</subfield>
    <subfield code="r">2018-05-15</subfield>
    <subfield code="w">2018-05-15</subfield>
    <subfield code="y">BK</subfield>
  </datafield>
  <datafield tag="952" ind1=" " ind2=" ">
    <subfield code="0">0</subfield>
    <subfield code="1">0</subfield>
    <subfield code="2">udc</subfield>
    <subfield code="4">0</subfield>
    <subfield code="7">0</subfield>
    <subfield code="8">P&#xCB;KG</subfield>
    <subfield code="a">002</subfield>
    <subfield code="b">002</subfield>
    <subfield code="c">Disertacionet</subfield>
    <subfield code="d">2018-05-15</subfield>
    <subfield code="l">0</subfield>
    <subfield code="o">043.3 Baraliu,A.Z 2015 </subfield>
    <subfield code="p">002-30023885</subfield>
    <subfield code="r">2018-05-15</subfield>
    <subfield code="w">2018-05-15</subfield>
    <subfield code="y">BK</subfield>
  </datafield>
  <datafield tag="952" ind1=" " ind2=" ">
    <subfield code="0">0</subfield>
    <subfield code="1">0</subfield>
    <subfield code="2">udc</subfield>
    <subfield code="4">0</subfield>
    <subfield code="7">0</subfield>
    <subfield code="8">P&#xCB;KG</subfield>
    <subfield code="a">002</subfield>
    <subfield code="b">002</subfield>
    <subfield code="c">Disertacionet</subfield>
    <subfield code="d">2018-05-15</subfield>
    <subfield code="l">0</subfield>
    <subfield code="o">043.3 Baraliu,A.Z 2015 </subfield>
    <subfield code="p">002-30023880</subfield>
    <subfield code="r">2018-05-15</subfield>
    <subfield code="w">2018-05-15</subfield>
    <subfield code="y">BK</subfield>
  </datafield>
</record>
